| 000 | 02346nam0a2200373 i 4500 | ||
|---|---|---|---|
| 001 | RU\NLR\bibl\2043347 | ||
| 005 | 20260408102830.0 | ||
| 010 |
_a9785927510597 _9100 |
||
| 021 |
_aRU _b2013-38223 _92623 |
||
| 035 | _a(nilc)RuMoRGB-006582286 | ||
| 035 | _a(NLR Aleph) 002030593 | ||
| 090 |
_a4548577 _c4548577 |
||
| 100 | _a20130520d2012 u y0rusy50 ca | ||
| 101 | 0 | _arus | |
| 102 | _aRU | ||
| 105 | _aa ||||||||| | ||
| 200 | 1 |
_aАктуальные вопросы экологии и природопользования _eматериалы научной конференции сотрудников, студентов и аспирантов кафедры экологии и природопользования Южного федерального университета _fЮж. федер. ун-т [и др. _gотв. ред.: д.геогр.н., проф. К.Ш. Казеев] |
|
| 210 |
_aРостов-на-Дону _cИзд-во Юж. федер. ун-та _d2012 _eРостов-на-Дону _gЮФУ |
||
| 215 |
_a159 с. _d21 |
||
| 300 | _aВ надзаг. также: Центр экотехнологий ЮНЕСКО-Кусто, НОК "Экология и природопользование", Рост. отд-ние о-ва почвоведов им. В.В. Докучаева | ||
| 320 | _aБиблиогр. в конце ст. | ||
| 606 |
_aСельскохозяйственная экология _jСъезды, совещания и т.п. _91133792 _3RU\NLR\auth\66450547 |
||
| 606 |
_aЭкология _jСъезды, совещания и т.п. _9939347 _3RU\NLR\auth\6628592 |
||
| 686 | _aП028я431 | ||
| 686 | _aЕ081я431 | ||
| 702 | 1 |
_4340 _7ca _8rus _aКазеев _bК. Ш. _gКамиль Шагидуллович _950076 _3RU\NLR\auth\7767148 |
|
| 711 | 0 | 2 |
_aЮжный федеральный университет _bКафедра экологии и природопользования _bНаучная конференция сотрудников, студентов и аспирантов _cРостов-на-Дону _f2012 _9369776 _3RU\NLR\AUTH\8810241949 |
| 801 | 0 |
_aRU _bRuMoRKP _c20130520 _gRCR |
|
| 801 | 2 |
_aRU _bРГБ _c20130528 |
|
| 801 | 1 |
_aRU _bRuMoRKP _c20130520 _2rusmarc |
|
| 801 | 2 |
_aRU _bNLR _c20130614 _grcr |
|
| 942 | _cBOOK | ||
| 980 | _aNBR | ||